000 00561nam a2200205Ia 4500
005 20260616173547.0
008 260616s9999||||xx |||||||||||||| ||und||
020 _a9789393559722
_qpbk
082 _a332.024
_bPOR
100 _aPortnoy, Brian
245 4 _aThe geometry of wealth : how to shape a life of money and meaning
260 _aMumbai
_bJaico Pubishing House
_c2023
300 _aix, 217p. ; 22cm.
653 _aConduct of life
653 _aFinance, Personal
653 _aInvestments
653 _aSuccess
653 _aWealth
942 _cBK
999 _c57255
_d57255